Catalog

Record Details

Catalog Search



Destiny calling / Will Mabbitt ; illustrated by ... Read More

Mabbitt, Will,(author.).
Knight, Taryn,(illustrator.).

Available copies

  • 1 of 1 copy available at LARL/NWRL Consortium. (Show)
  • 1 of 1 copy available at Northwest Regional Library.

Current holds

0 current holds with 1 total copy.

Show All Copies
Location Call Number / Copy Notes Barcode Shelving Location Status Due Date
Roseau Public Library j MAB (Text) 35500006621823 Main Available -

Record details

  • ISBN: 9781536210491
  • ISBN: 1536210498
  • Physical Description: 230 pages : illustrations ; 22 cm
  • Edition: First US edition.
  • Publisher: Somerville, Massachusetts : Walker Books US, a division of Candlewick Press, 2022.

Content descriptions

Summary, etc.:
"Jake Green and his friends have managed to save ... Read More
Target Audience Note:
8-12 years.
Grades 3-7.
Subject: Mediums > Juvenile fiction.
Death > Juvenile fiction.
Embassy buildings > Juvenile fiction.
LDR 02025cam a22003857i 4500
001403401
003LARL_NWRL_CONSORTIUM
00520221114163726.0
008220119t20222022maua 000 0 eng d
019 . ‡a1292590520
020 . ‡a9781536210491
020 . ‡a1536210498
035 . ‡a(OCoLC)1292705878 ‡z(OCoLC)1292590520
040 . ‡aYDX ‡beng ‡cYDX ‡dBDX ‡dGZD
1001 . ‡aMabbitt, Will, ‡eauthor.
24510. ‡aDestiny calling / ‡cWill Mabbitt ; illustrated by Taryn Knight.
250 . ‡aFirst US edition.
264 1. ‡aSomerville, Massachusetts : ‡bWalker Books US, a division of Candlewick Press, ‡c2022.
264 4. ‡c©2022
300 . ‡a230 pages : ‡billustrations ; ‡c22 cm
336 . ‡atext ‡btxt ‡2rdacontent
336 . ‡astill image ‡bsti ‡2rdacontent
337 . ‡aunmediated ‡bn ‡2rdamedia
338 . ‡avolume ‡bnc ‡2rdacarrier
4900 . ‡aEmbassy of the dead ; ‡v3
520 . ‡a"Jake Green and his friends have managed to save the world from the followers of Fenris twice now, which should be more than enough. But Jake, Cora, and Sab are suddenly given a new, secret mission. It seems one last would-be traitor is still hidden in the world of the Embassy, and it's up to Jake and his friends to take care of him--permanently. All the signs point to Jake being the Chosen One for this dangerous task, especially since he's armed with the ancient, Eternal Void-summoning tooth he found on his last trip to the Afterworld. But the more time the three friends spend on their dubious quest, the more Jake wonders if he's better off making his own destiny. The latest adventure in this fast and funny series delivers plenty of chills, twists, and heart."-- ‡cProvided by publisher.
5211 . ‡a8-12 years.
5212 . ‡aGrades 3-7.
650 0. ‡aMediums ‡vJuvenile fiction.
650 0. ‡aDeath ‡vJuvenile fiction. ‡0(LARL_NWRL_CONSORTIUM)171822
650 0. ‡aEmbassy buildings ‡vJuvenile fiction.
7001 . ‡aKnight, Taryn, ‡eillustrator.
901 . ‡a403401 ‡b ‡c403401 ‡tbiblio

Additional Resources